Hogwarts Legacy Spells - Statistics

General Stats
  • This quiz has been taken 97 times
  • The average score is 21 of 34
Answer Stats
Picture Answer % Correct
Accio
95%
Levioso
91%
Reparo
89%
Bombarda
88%
Expelliarmus
88%
Avada Kedavra
86%
Crucio
86%
Lumos
85%
Protego
85%
Glacius
82%
Depulso
80%
Revelio
80%
Alohomora
79%
Arresto Momentum
79%
Imperio
79%
Incendio
79%
Wingardium Leviosa
79%
Flipendo
74%
Diffindo
71%
Confringo
68%
Descendo
67%
Ancient Magic
62%
Stupefy
58%
Basic Cast
56%
Petrificus Totalus
41%
Disillusionment
39%
Evanesco
36%
Nab-Sack
27%
Conjuring Spell
17%
Transformation
17%
Ancient Magic Throw
14%
Beast Feed
14%
Altering Spell
11%
Beast Petting Brush
5%
No matching quizzes found
Score Distribution
Percent of People with Each Score
Percentile by Number Answered
Your Score History
You have not taken this quiz